000 00862nam a2200205 a 4500
003 0
005 20250619151357.0
008 021120s19uu xx 00 eng d
050 _aPHS LB 1033.5
_b.Se45 2000
100 _aSeki, Yumi.
245 _aThe Perceptions of Southville International School high school Japanese students on classroom communication and its effects on their study habits, school year 1999-2000 /
_cYumi Seki.
260 _aLas PiƱas City, Philippines :
_bSouthville International School and Colleges,
_c2000.
300 _a28 pages :
_billustrations ;
_c28 cm.
504 _aIncludes bibliographical references.
650 _aClassroom communication
_zPhilippines.
650 _aStudy habits
_zPhilippines.
650 _aJapanese students
_zPhilippines
_xAttitudes.
650 _aMulticultural education
_zPhilippines.
942 _2lcc
_cPASS
999 _c96297
_d96297